[Event "Stay Safe Play From Home 206"]
[Site "T#646635Emanuel Laske"]
[Date "2020.06.07"]
[Round "5"]
[White "EL sanbary"]
[Black "Fischer_11"]
[Result "0-1"]
[WhiteElo "1912"]
[BlackElo "2042"]
[Annotator "NA RC"]
[PlyCount "40"]
[EventDate "2020.06.07"]
[EventType "swiss (blitz)"]

1. c4 {[%emt 0:00:01]} Nf6 {[%emt 0:00:01]} 2. g3 {[%emt 0:00:01]} e6 {[%emt 0:00:00]} 3. Bg2 {[%emt 0:00:01]} d5 {[%emt 0:00:00]} 4. cxd5 {[%emt 0:00:01]} exd5 {[%emt 0:00:01]} 5. d4 {[%emt 0:00:00]} c6 {[%emt 0:00:00]} 6. Nc3 {[%emt 0:00:01]} Bd6 {[%emt 0:00:00]} 7. Nf3 {[%emt 0:00:01]} O-O {[%emt 0:00:00]} 8. O-O {[%emt 0:00:02]} Bg4 {[%emt 0:00:00]} 9. Ne5 {[%emt 0:00:02]} Bh5 {[%emt 0:00:02]} 10. Bf4 {[%emt 0:00:03]} Re8 {[%emt 0:00:01]} 11. Qd2 {[%emt 0:00:01]} Nbd7 {[%emt 0:00:02]} 12. f3 {[%emt 0:00:03]} Nxe5 {[%emt 0:00:03]} 13. dxe5 {[%emt 0:00:02]} Bxe5 {[%emt 0:00:00]} 14. Bxe5 {[%emt 0:00:01]} Rxe5 {[%emt 0:00:00]} 15. Rac1 {[%emt 0:00:02]} Qb6+ {[%emt 0:00:03]} 16. Kh1 {[%emt 0:00:02]} Qe3 {[%emt 0:00:00]} 17. Qc2 {[%emt 0:00:01]} Bg6 {[%emt 0:00:03]} 18. Qb3 {[%emt 0:00:02]} Qb6 {[%emt 0:00:03]} 19. Qc2 {[%emt 0:00:02]} Bxc2 {[%emt 0:00:01]} 20. Rxc2 {[%emt 0:00:00]} Rae8 {[%emt 0:00:01] Time (Lag: Av=0.33s, max=0.4s)} 0-1

[Event "Stay Safe Play From Home 206"]
[Site "T#646635Emanuel Laske"]
[Date "2020.06.07"]
[Round "5"]
[White "SecantFX"]
[Black "NeatFox"]
[Result "1-0"]
[WhiteElo "1822"]
[BlackElo "1799"]
[Annotator "NA RC"]
[PlyCount "65"]
[EventDate "2020.06.07"]
[EventType "swiss (blitz)"]

1. g3 {[%emt 0:00:01]} c6 {[%emt 0:00:02]} 2. Bg2 {[%emt 0:00:00]} d5 {[%emt 0:00:00]} 3. f4 {[%emt 0:00:00]} g6 {[%emt 0:00:00]} 4. Nf3 {[%emt 0:00:00]} Bg7 {[%emt 0:00:00]} 5. e3 {[%emt 0:00:00]} Nf6 {[%emt 0:00:00]} 6. d4 {[%emt 0:00:00]} Nfd7 {[%emt 0:00:00]} 7. c3 {[%emt 0:00:00]} b6 {[%emt 0:00:01]} 8. Nbd2 {[%emt 0:00:00]} Bb7 {[%emt 0:00:00]} 9. O-O {[%emt 0:00:00]} f6 {[%emt 0:00:00]} 10. Re1 {[%emt 0:00:00]} O-O {[%emt 0:00:01]} 11. e4 {[%emt 0:00:00]} e5 {[%emt 0:00:00]} 12. fxe5 {[%emt 0:00:01]} fxe5 {[%emt 0:00:01]} 13. exd5 {[%emt 0:00:01]} cxd5 {[%emt 0:00:01]} 14. dxe5 {[%emt 0:00:01]} Re8 {[%emt 0:00:03]} 15. Nb3 {[%emt 0:00:02]} Nxe5 {[%emt 0:00:01]} 16. Nxe5 {[%emt 0:00:01]} Rxe5 {[%emt 0:00:01]} 17. Rxe5 {[%emt 0:00:01]} Bxe5 {[%emt 0:00:00]} 18. Bh6 {[%emt 0:00:01]} Bg7 {[%emt 0:00:02]} 19. Bf4 {[%emt 0:00:02]} Nd7 {[%emt 0:00:02]} 20. Nd4 {[%emt 0:00:01]} Nf6 {[%emt 0:00:01]} 21. Ne6 {[%emt 0:00:01]} Qd7 {[%emt 0:00:02]} 22. Nxg7 {[%emt 0:00:01]} Qxg7 {[%emt 0:00:01]} 23. Qd4 {[%emt 0:00:01]} Nh5 {[%emt 0:00:02]} 24. Be5 {[%emt 0:00:01]} Qd7 {[%emt 0:00:03]} 25. Rf1 {[%emt 0:00:02]} Rf8 {[%emt 0:00:02]} 26. Rxf8+ {[%emt 0:00:02]} Kxf8 {[%emt 0:00:00]} 27. b3 {[%emt 0:00:03]} Qf7 {[%emt 0:00:07]} 28. c4 {[%emt 0:00:02]} Ba6 {[%emt 0:00:01]} 29. Bxd5 {[%emt 0:00:02]} Qd7 {[%emt 0:00:06]} 30. Qf2+ {[%emt 0:00:03]} Ke8 {[%emt 0:00:02]} 31. Qf3 {[%emt 0:00:02]} Kd8 {[%emt 0:00:01]} 32. Bc6 {[%emt 0:00:01]} Qd2 {[%emt 0:00:04]} 33. Qf8# {[%emt 0:00:04] (Lag: Av=0.44s, max=1.1s)} 1-0

[Event "Stay Safe Play From Home 206"]
[Site "T#646635Emanuel Laske"]
[Date "2020.06.07"]
[Round "5"]
[White "Cubail"]
[Black "Epicure62"]
[Result "0-1"]
[WhiteElo "1363"]
[BlackElo "1390"]
[Annotator "NA RC"]
[PlyCount "62"]
[EventDate "2020.06.07"]
[EventType "swiss (blitz)"]

1. c4 {[%emt 0:00:04]} d6 {[%emt 0:00:02]} 2. f4 {[%emt 0:00:01]} g6 {[%emt 0:00:01]} 3. Nf3 {[%emt 0:00:01]} Bg7 {[%emt 0:00:01]} 4. d4 {[%emt 0:00:01]} Nf6 {[%emt 0:00:01]} 5. Nc3 {[%emt 0:00:02]} c6 {[%emt 0:00:03]} 6. e4 {[%emt 0:00:01]} O-O {[%emt 0:00:01]} 7. e5 {[%emt 0:00:01]} Nh5 {[%emt 0:00:02]} 8. g4 {[%emt 0:00:04]} Nxf4 {[%emt 0:00:03]} 9. Bxf4 {[%emt 0:00:02]} dxe5 {[%emt 0:00:02]} 10. dxe5 {[%emt 0:00:03]} Qxd1+ {[%emt 0:00:03]} 11. Rxd1 {[%emt 0:00:02]} Bxg4 {[%emt 0:00:02]} 12. Bg2 {[%emt 0:00:02]} Bxf3 {[%emt 0:00:02]} 13. Bxf3 {[%emt 0:00:02]} f5 {[%emt 0:00:02]} 14. O-O {[%emt 0:00:02]} Nd7 {[%emt 0:00:03]} 15. Rfe1 {[%emt 0:00:04]} Nxe5 {[%emt 0:00:03]} 16. Bxe5 {[%emt 0:00:01]} Bxe5 {[%emt 0:00:02]} 17. Rxe5 {[%emt 0:00:01]} Rfd8 {[%emt 0:00:01]} 18. Rxd8+ {[%emt 0:00:02]} Rxd8 {[%emt 0:00:02]} 19. Rxe7 {[%emt 0:00:01]} Kf8 {[%emt 0:00:03]} 20. Rxb7 {[%emt 0:00:02]} Rd3 {[%emt 0:00:03]} 21. Bxc6 {[%emt 0:00:02]} a5 {[%emt 0:00:03]} 22. Nd5 {[%emt 0:00:01]} Rd1+ {[%emt 0:00:02]} 23. Kf2 {[%emt 0:00:05]} Rd2+ {[%emt 0:00:01]} 24. Ke3 {[%emt 0:00:01]} Rxh2 {[%emt 0:00:02]} 25. Nf6 {[%emt 0:00:02]} Rh3+ {[%emt 0:00:02]} 26. Kd4 {[%emt 0:00:05]} Rh4+ {[%emt 0:00:01]} 27. Ke5 {[%emt 0:00:01]} Re4+ {[%emt 0:00:02]} 28. Nxe4 {[%emt 0:00:01]} fxe4 {[%emt 0:00:01]} 29. Kxe4 {[%emt 0:00:01]} g5 {[%emt 0:00:01]} 30. Ke5 {[%emt 0:00:01]} g4 {[%emt 0:00:01]} 31. Kf6 {[%emt 0:00:01]} g3 {[%emt 0:00:01] Time (Lag: Av=0.33s, max=0.7s)} 0-1

[Event "Stay Safe Play From Home 206"]
[Site "T#646635Emanuel Laske"]
[Date "2020.06.07"]
[Round "6"]
[White "Little champs"]
[Black "Mepe_Nika"]
[Result "1-0"]
[WhiteElo "2210"]
[BlackElo "2349"]
[Annotator "TA"]
[PlyCount "93"]
[EventDate "2020.06.07"]
[EventType "swiss (blitz)"]

{[%evp 9,92,-1,0,0,1,0,0,-22,-6,-37,-41,-29,-38,-39,0,0,0,-21,-8,-97,-91,-82,-94,-79,-95,-131,-114,-131,-120,-169,-131,-165,-154,-244,-245,-242,-100,-89,0,-233,18,0,0,-50,-40,-47,-53,-49,-39,-37,0,-32,-32,-139,1534,1391,1238,1089,29977,29976,29972,12814,29979,29980,29979,29978,29988,29988,29989,29990,29990,29991,29991,29992,29993,29994,29994,29995,29996,29997,29997,29998,29998,29999,29999]} 1. d4 c5 2. e3 cxd4 3. exd4 d5 4. Nf3 Nc6 5. Be2 Bg4 6. O-O {B13: Caro-Kann: Exchange Variation and Panov-Botvinnik Attack.} e6 7. c3 Bd6 8. Nbd2 {The position is equal.} Nf6 9. c4 {[#]} dxc4 $146 ({Predecessor:} 9... O-O 10. cxd5 Nxd5 11. Nc4 Bc7 12. Ne3 Bh5 13. Nxd5 Qxd5 14. Be3 Rfd8 15. Rc1 Qxa2 {0-1 (21) Nunes,A (1732)-Gazola,V (1972) Sao Paulo 2014}) 10. Nxc4 O-O 11. Bg5 Bxf3 (11... Rb8 {is more complex.} 12. Bxf6 gxf6 13. Qd3 Bf4 14. Rad1 Bf5) 12. Bxf3 Nxd4 13. Bxb7 Rb8 14. Nxd6 (14. Ba6 $11 {keeps the balance.}) 14... Qxd6 $17 15. Bxf6 gxf6 16. Be4 f5 $36 {[%mdl 2048] Black has strong initiative.} 17. Bf3 Rxb2 18. Qd3 Rd8 19. Rad1 Kh8 20. h3 Rxa2 {aiming for ...Ra3.} 21. Qc3 (21. Ra1 $17 {is a better defense.} Rxa1 22. Rxa1) 21... Ra3 $19 22. Qb2 {Strongly threatening Rxd4!} Rxf3 (22... e5 $19 {and Black stays clearly on top.} 23. Bh5 Rg8) 23. gxf3 $17 Kg8 (23... e5 $17 24. Kh2 Rg8) 24. Rd3 $2 {[#]} (24. Kh1 $11) 24... Qd5 $2 (24... Ne2+ $1 $19 {[%mdl 512]} 25. Qxe2 Qxd3 26. Qxd3 Rxd3) 25. Rfd1 {[%cal Rd3d4]} Nxf3+ 26. Kf1 (26. Kh1 {with more complications.} Qxd3 27. Rxd3 Rxd3 28. Qe2 Rb3 29. Qc2) 26... Qxd3+ 27. Rxd3 Rxd3 $15 {[%mdl 4096] Endgame KQ-KRN} 28. Qb8+ Kg7 29. Qxa7 Nd4 30. Kg2 e5 31. Qa6 (31. Qc5 $15) 31... f6 $2 {[%mdl 8192]} (31... Ne6 $17 32. Qb5 Kf6) 32. Qxd3 $18 f4 33. Qe4 Kf7 34. Qxh7+ Ke6 35. h4 Nf5 36. h5 {White mates.} e4 37. h6 e3 38. fxe3 fxe3 39. Qg8+ Ke5 40. h7 e2 41. Kf2 Ne7 {[#]} 42. Qe8 $1 e1=Q+ 43. Kxe1 Kf4 44. Qxe7 f5 45. h8=Q Kf3 46. Qh3+ {[%mdl 64] Double Attack} Kf4 47. Qee3# {Never resign too early! Accuracy: White = 47%, Black = 50%.} 1-0

[Event "Stay Safe Play From Home 206"]
[Site "T#646635Emanuel Laske"]
[Date "2020.06.07"]
[Round "6"]
[White "Fischer_11"]
[Black "Rogan"]
[Result "1-0"]
[WhiteElo "2053"]
[BlackElo "2214"]
[Annotator "NA RC"]
[PlyCount "79"]
[EventDate "2020.06.07"]
[EventType "swiss (blitz)"]

1. e4 {[%emt 0:00:03]} d5 {[%emt 0:00:00]} 2. a3 {[%emt 0:00:01]} Nf6 {[%emt 0:00:01]} 3. Nc3 {[%emt 0:00:00]} Nxe4 {[%emt 0:00:02]} 4. Nxe4 {[%emt 0:00:02]} dxe4 {[%emt 0:00:00]} 5. f3 {[%emt 0:00:01]} exf3 {[%emt 0:00:01]} 6. Nxf3 {[%emt 0:00:00]} g6 {[%emt 0:00:00]} 7. Bc4 {[%emt 0:00:01]} e6 {[%emt 0:00:01]} 8. O-O {[%emt 0:00:00]} Bg7 {[%emt 0:00:01]} 9. d4 {[%emt 0:00:01]} O-O {[%emt 0:00:01]} 10. c3 {[%emt 0:00:00]} b6 {[%emt 0:00:01]} 11. Bg5 {[%emt 0:00:01]} Bf6 {[%emt 0:00:02]} 12. Qd2 {[%emt 0:00:02]} Bb7 {[%emt 0:00:03]} 13. Qf4 {[%emt 0:00:05]} Bxg5 {[%emt 0:00:04]} 14. Nxg5 {[%emt 0:00:00]} Qe7 {[%emt 0:00:08]} 15. Rae1 {[%emt 0:00:04]} h6 {[%emt 0:00:02]} 16. Ne4 {[%emt 0:00:04]} Bxe4 {[%emt 0:00:02]} 17. Qxe4 {[%emt 0:00:00]} Nd7 {[%emt 0:00:01]} 18. Bd3 {[%emt 0:00:01]} f5 {[%emt 0:00:04]} 19. Qxe6+ {[%emt 0:00:02]} Qxe6 {[%emt 0:00:00]} 20. Rxe6 {[%emt 0:00:01]} Kf7 {[%emt 0:00:02]} 21. Bc4 {[%emt 0:00:04]} b5 {[%emt 0:00:05]} 22. Bb3 {[%emt 0:00:03]} Nf6 {[%emt 0:00:08]} 23. Rfe1 {[%emt 0:00:03]} Kg7 {[%emt 0:00:04]} 24. Re7+ {[%emt 0:00:02]} Kh8 {[%emt 0:00:00]} 25. Rxc7 {[%emt 0:00:01]} Rae8 {[%emt 0:00:00]} 26. Rxe8 {[%emt 0:00:01]} Rxe8 {[%emt 0:00:00]} 27. h3 {[%emt 0:00:01]} Ne4 {[%emt 0:00:01]} 28. Rxa7 {[%emt 0:00:01]} Nd2 {[%emt 0:00:00]} 29. Bf7 {[%emt 0:00:02]} Re1+ {[%emt 0:00:01]} 30. Kf2 {[%emt 0:00:01]} Rb1 {[%emt 0:00:00]} 31. Bxg6 {[%emt 0:00:01]} Ne4+ {[%emt 0:00:00]} 32. Ke3 {[%emt 0:00:01]} Rxb2 {[%emt 0:00:01]} 33. Kf4 {[%emt 0:00:00]} Kg8 {[%emt 0:00:01]} 34. Kxf5 {[%emt 0:00:00]} Kf8 {[%emt 0:00:00]} 35. Ra8+ {[%emt 0:00:01]} Ke7 {[%emt 0:00:01]} 36. Ra7+ {[%emt 0:00:00]} Kd6 {[%emt 0:00:00]} 37. Kxe4 {[%emt 0:00:00]} Kc6 {[%emt 0:00:01]} 38. Ra6+ {[%emt 0:00:00]} Kb7 {[%emt 0:00:01]} 39. Re6 {[%emt 0:00:00]} Ka7 {[%emt 0:00:01]} 40. Re7+ {[%emt 0:00:00] Time} 1-0

[Event "Stay Safe Play From Home 206"]
[Site "T#646635Emanuel Laske"]
[Date "2020.06.07"]
[Round "6"]
[White "Lazieri3"]
[Black "Sfantul321"]
[Result "1-0"]
[WhiteElo "2029"]
[BlackElo "1987"]
[Annotator "NA RC"]
[PlyCount "75"]
[EventDate "2020.06.07"]
[EventType "swiss (blitz)"]

1. e4 {[%emt 0:00:01]} g6 {[%emt 0:00:00]} 2. Nc3 {[%emt 0:00:00]} Bg7 {[%emt 0:00:00]} 3. d4 {[%emt 0:00:00]} c5 {[%emt 0:00:01]} 4. Be3 {[%emt 0:00:00]} cxd4 {[%emt 0:00:01]} 5. Bxd4 {[%emt 0:00:00]} Bxd4 {[%emt 0:00:01]} 6. Qxd4 {[%emt 0:00:01]} f6 {[%emt 0:00:00]} 7. e5 {[%emt 0:00:01]} Nc6 {[%emt 0:00:01]} 8. Qd5 {[%emt 0:00:03]} Nxe5 {[%emt 0:00:01]} 9. Nf3 {[%emt 0:00:01]} e6 {[%emt 0:00:01]} 10. Qe4 {[%emt 0:00:02]} Nc6 {[%emt 0:00:01]} 11. Bb5 {[%emt 0:00:02]} Nge7 {[%emt 0:00:01]} 12. O-O-O {[%emt 0:00:01]} Qb6 {[%emt 0:00:02]} 13. Rhe1 {[%emt 0:00:08]} O-O {[%emt 0:00:01]} 14. h4 {[%emt 0:00:03]} Qxf2 {[%emt 0:00:02]} 15. h5 {[%emt 0:00:02]} f5 {[%emt 0:00:01]} 16. Qf4 {[%emt 0:00:04]} e5 {[%emt 0:00:06]} 17. Qh6 {[%emt 0:00:02]} e4 {[%emt 0:00:06]} 18. Ng5 {[%emt 0:00:04]} Qf4+ {[%emt 0:00:01]} 19. Kb1 {[%emt 0:00:01]} Rf7 {[%emt 0:00:03]} 20. Nxf7 {[%emt 0:00:01]} Qxh6 {[%emt 0:00:02]} 21. Nxh6+ {[%emt 0:00:00]} Kg7 {[%emt 0:00:00]} 22. hxg6 {[%emt 0:00:01]} Kxh6 {[%emt 0:00:01]} 23. gxh7 {[%emt 0:00:01]} Kxh7 {[%emt 0:00:01]} 24. Nd5 {[%emt 0:00:02]} a6 {[%emt 0:00:08]} 25. Nxe7 {[%emt 0:00:04]} Nxe7 {[%emt 0:00:01]} 26. Bxd7 {[%emt 0:00:01]} Kg6 {[%emt 0:00:02]} 27. g4 {[%emt 0:00:03]} Bxd7 {[%emt 0:00:02]} 28. Rxd7 {[%emt 0:00:01]} Nc6 {[%emt 0:00:00]} 29. gxf5+ {[%emt 0:00:01]} Kxf5 {[%emt 0:00:01]} 30. Rf7+ {[%emt 0:00:01]} Ke5 {[%emt 0:00:01]} 31. Rxb7 {[%emt 0:00:01]} Re8 {[%emt 0:00:01]} 32. c3 {[%emt 0:00:02]} a5 {[%emt 0:00:01]} 33. Kc2 {[%emt 0:00:01]} Kd5 {[%emt 0:00:01]} 34. Rb5+ {[%emt 0:00:01]} Kd6 {[%emt 0:00:01]} 35. b4 {[%emt 0:00:01]} axb4 {[%emt 0:00:01]} 36. cxb4 {[%emt 0:00:00]} Ra8 {[%emt 0:00:01]} 37. Rd1+ {[%emt 0:00:00]} Kc7 {[%emt 0:00:01]} 38. Kb3 {[%emt 0:00:00] Time (Lag: Av=0.35s, max=0.7s)} 1-0

[Event "Stay Safe Play From Home 206"]
[Site "T#646635Emanuel Laske"]
[Date "2020.06.07"]
[Round "6"]
[White "SecantFX"]
[Black "Tumnik_ad"]
[Result "0-1"]
[WhiteElo "1838"]
[BlackElo "1978"]
[Annotator "TA"]
[PlyCount "120"]
[EventDate "2020.06.07"]
[EventType "swiss (blitz)"]

{[%evp 9,120,-6,66,-4,86,78,136,128,155,125,188,173,212,208,287,300,306,250,347,353,360,297,324,292,405,229,319,306,396,395,389,388,368,306,315,-69,-74,-362,-370,-405,-299,-306,-299,-422,-337,-388,-331,-359,-327,-435,-425,-1640,-1628,-2031,-1945,-1837,-1598,-2074,-2041,-2699,-2329,-2250,-2132,-2498,-2382,-2718,-2558,-2359,-2356,-3147,-2344,-2168,-2024,-1927,-1887,-1901,-1722,-1887,-1676,-29968,-5708,-5218,-5210,-29988,-29989,-29989,-29989,-29990,-29989,-29991,-5738,-29988,-29968,-29987,-941,-29985,-992,-1001,-992,-1766,-1763,-1590,-1566,-6003,-6407,-29980,-29980,-29980,-29981,-29985,-29981,-29981,-29982]} 1. g3 e6 2. Bg2 Nc6 3. f4 {[#]} b6 $146 ({Predecessor:} 3... d5 4. d3 Nf6 5. c3 Be7 6. Nf3 O-O 7. O-O b6 8. Qe1 Bb7 9. e4 dxe4 10. dxe4 {0-1 (24) Raines,D (939)-Pons,F (1095) LSS email 2014}) 4. c3 Bb7 5. Nf3 Na5 (5... d5 $11) 6. d4 {A00: Irregular Openings.} (6. b4 $14 Nc6 7. e4) 6... Bxf3 (6... c5 $11 {keeps the balance.}) 7. Bxf3 $16 Rb8 ({Black should try} 7... d5) 8. e4 {White is clearly better.} Nb7 9. Nd2 h5 (9... Nh6 $16 10. O-O Be7) 10. O-O h4 11. g4 Qf6 12. Nc4 b5 13. e5 Qh6 14. f5 Qh7 15. Ne3 exf5 16. Nxf5 ({Much less strong is} 16. gxf5 Na5) 16... Ne7 17. h3 (17. Bxb7 $142 Rxb7 18. Qf3) 17... Nxf5 18. gxf5 Qxf5 19. Bxb7 $1 Qxh3 20. Bg2 Qg3 {Black wants to play ...h3.} 21. Rf3 Qg6 {and if ...h3 works, Black does fine.} 22. Qf1 $2 ({Better is} 22. Kf2 $18) 22... h3 $1 $15 23. Rxh3 $2 {[%mdl 8192] This costs White the game.} (23. Bf4 $17) 23... Rxh3 $19 24. Bf4 Rh8 25. Qf2 Be7 26. Kf1 (26. Qf3 $142) 26... Bh4 27. Qf3 Bg5 28. Bg3 Qc2 29. Qf2 Qd3+ 30. Kg1 (30. Ke1 $142) 30... Be3 31. Bf1 Bxf2+ 32. Kxf2 Qg6 33. Bg2 Qc2+ 34. Kf3 Qxb2 35. Re1 Qxc3+ {[%mdl 64] Double Attack} 36. Re3 Qxd4 37. Bf4 Qd5+ 38. Kg3 Qe6 39. Bf3 Qg6+ 40. Kf2 Qh7 41. Be4 Qh4+ 42. Bg3 Qh5 43. Bg2 Qh7 44. e6 Qc2+ 45. Re2 Qc5+ 46. Re3 dxe6 47. Kf3 Qc2 48. Be5 Qc6+ 49. Re4 Qd7 (49... f5 $142 50. Bf4 Qxe4+ 51. Kf2 Qxf4+ 52. Kg1 Rh2 53. Bc6+ Ke7 54. Bg2 {[#]} Qg3 $1 {[%mdl 512]} 55. Kf1 Qxg2+ {[%mdl 64] Double Attack} 56. Ke1 Rh1#) 50. Kf4 Qe7 51. Bd4 Qf6+ (51... f5 $142 52. Re2 Rh4+ 53. Ke3 Qa3+ 54. Kf2 Rxd4 55. Re3 Qxa2+ 56. Re2 Rf4+ 57. Bf3 Qc4 58. Kg2 Rd8 59. Bh5+ Kf8 60. Kg3 Rh4 61. Rb2 Rxh5 62. Kf3 Qf1+ 63. Rf2 Rh3+ 64. Kf4 Qxf2+ 65. Kg5 Qg3#) 52. Ke3 Qxd4+ (52... Qg5+ $142 53. Kf3 Rh2 54. Bf1 Rxa2 55. Bc5 Qxc5 56. Re2 Qf5+ 57. Kg3 Rxe2 58. Bxe2 Rd8 59. Bg4 Rd3+ 60. Kg2 Qxg4+ 61. Kf2 Rd2+ 62. Ke3 Re2+ 63. Kd3 Qc4#) 53. Kxd4 {[%mdl 4096] Endgame KRR-KRB} Ke7 54. Bf3 Rbd8+ 55. Ke3 Rd5 56. Rf4 Rh3 57. Rg4 Re5+ {Black mates.} 58. Kf2 Rf5 59. Kg2 Rfxf3 60. Rg5 {[#]} Rfg3+ $1 {Accuracy: White = 32%, Black = 31%.} 0-1

[Event "Stay Safe Play From Home 206"]
[Site "T#646635Emanuel Laske"]
[Date "2020.06.07"]
[Round "6"]
[White "NeatFox"]
[Black "Trotsky"]
[Result "1-0"]
[WhiteElo "1783"]
[BlackElo "1605"]
[Annotator "NA RC"]
[PlyCount "71"]
[EventDate "2020.06.07"]
[EventType "swiss (blitz)"]

1. g4 {[%emt 0:00:01]} d5 {[%emt 0:00:02]} 2. Bg2 {[%emt 0:00:00]} e6 {[%emt 0:00:01]} 3. c4 {[%emt 0:00:00]} c5 {[%emt 0:00:01]} 4. cxd5 {[%emt 0:00:00]} exd5 {[%emt 0:00:01]} 5. Qb3 {[%emt 0:00:00]} Be6 {[%emt 0:00:01]} 6. Qxb7 {[%emt 0:00:01]} Nd7 {[%emt 0:00:06]} 7. Nc3 {[%emt 0:00:01]} Ngf6 {[%emt 0:00:01]} 8. g5 {[%emt 0:00:01]} Rb8 {[%emt 0:00:01]} 9. Qxa7 {[%emt 0:00:01]} d4 {[%emt 0:00:02]} 10. gxf6 {[%emt 0:00:02]} gxf6 {[%emt 0:00:02]} 11. Ne4 {[%emt 0:00:02]} Nb6 {[%emt 0:00:03]} 12. Qa5 {[%emt 0:00:07]} Bd5 {[%emt 0:00:02]} 13. Qb5+ {[%emt 0:00:01]} Bc6 {[%emt 0:00:03]} 14. Qd3 {[%emt 0:00:02]} c4 {[%emt 0:00:02]} 15. Qg3 {[%emt 0:00:04]} Bd6 {[%emt 0:00:02]} 16. f4 {[%emt 0:00:01]} Nd5 {[%emt 0:00:03]} 17. Qg7 {[%emt 0:00:03]} Rf8 {[%emt 0:00:02]} 18. Nxd6+ {[%emt 0:00:01]} Qxd6 {[%emt 0:00:01]} 19. Bxd5 {[%emt 0:00:01]} Bxd5 {[%emt 0:00:01]} 20. Nf3 {[%emt 0:00:01]} Bxf3 {[%emt 0:00:02]} 21. exf3 {[%emt 0:00:01]} Qe6+ {[%emt 0:00:01]} 22. Kf2 {[%emt 0:00:01]} d3 {[%emt 0:00:01]} 23. Re1 {[%emt 0:00:01]} Qxe1+ {[%emt 0:00:04]} 24. Kxe1 {[%emt 0:00:00]} Kd7 {[%emt 0:00:02]} 25. Qxf6 {[%emt 0:00:02]} Rbe8+ {[%emt 0:00:01]} 26. Kf1 {[%emt 0:00:01]} Re6 {[%emt 0:00:01]} 27. Qd4+ {[%emt 0:00:01]} Ke7 {[%emt 0:00:02]} 28. Qxc4 {[%emt 0:00:01]} Rg8 {[%emt 0:00:02]} 29. Qxd3 {[%emt 0:00:01]} Reg6 {[%emt 0:00:01]} 30. Ke2 {[%emt 0:00:01]} Kf8 {[%emt 0:00:01]} 31. Ke3 {[%emt 0:00:00]} Kg7 {[%emt 0:00:01]} 32. Qd4+ {[%emt 0:00:01]} Kh6 {[%emt 0:00:01]} 33. Kd3 {[%emt 0:00:00]} Re8 {[%emt 0:00:01]} 34. Qf2 {[%emt 0:00:02] .} Rge6 {[%emt 0:00:01]} 35. Qh4+ {[%emt 0:00:01]} Kg7 {[%emt 0:00:01]} 36. f5 {[%emt 0:00:01] Âðåìÿ (Lag: Av=0.28s, max=0.7s)} 1-0

[Event "Stay Safe Play From Home 206"]
[Site "T#646635Emanuel Laske"]
[Date "2020.06.07"]
[Round "6"]
[White "Möwe"]
[Black "Cubail"]
[Result "1-0"]
[WhiteElo "1479"]
[BlackElo "1347"]
[Annotator "NA RC"]
[PlyCount "45"]
[EventDate "2020.06.07"]
[EventType "swiss (blitz)"]

1. e4 {[%emt 0:00:02]} f5 {[%emt 0:00:01]} 2. e5 {[%emt 0:00:01]} d6 {[%emt 0:00:02]} 3. d4 {[%emt 0:00:01]} Nc6 {[%emt 0:00:03]} 4. exd6 {[%emt 0:00:02]} cxd6 {[%emt 0:00:02]} 5. Bb5 {[%emt 0:00:00]} Nf6 {[%emt 0:00:01]} 6. d5 {[%emt 0:00:02]} a6 {[%emt 0:00:03]} 7. Ba4 {[%emt 0:00:01]} b5 {[%emt 0:00:01]} 8. dxc6 {[%emt 0:00:01]} bxa4 {[%emt 0:00:01]} 9. c3 {[%emt 0:00:02]} Qb6 {[%emt 0:00:02]} 10. Qxa4 {[%emt 0:00:02]} Kf7 {[%emt 0:00:04]} 11. Nf3 {[%emt 0:00:02]} e6 {[%emt 0:00:02]} 12. O-O {[%emt 0:00:02]} Nd5 {[%emt 0:00:05]} 13. Nbd2 {[%emt 0:00:04]} Be7 {[%emt 0:00:04]} 14. Nc4 {[%emt 0:00:01]} Qc7 {[%emt 0:00:02]} 15. Ne3 {[%emt 0:00:03]} a5 {[%emt 0:00:05]} 16. Nxd5 {[%emt 0:00:02]} exd5 {[%emt 0:00:01]} 17. Qd4 {[%emt 0:00:06]} Qxc6 {[%emt 0:00:03]} 18. Re1 {[%emt 0:00:01]} Bf6 {[%emt 0:00:03]} 19. Ng5+ {[%emt 0:00:04]} Bxg5 {[%emt 0:00:03]} 20. Bxg5 {[%emt 0:00:02]} h6 {[%emt 0:00:01]} 21. Re7+ {[%emt 0:00:01]} Kg6 {[%emt 0:00:05]} 22. Qxg7+ {[%emt 0:00:02]} Kh5 {[%emt 0:00:02]} 23. Be3 {[%emt 0:00:03] Time (Lag: Av=0.34s, max=0.5s)} 1-0

[Event "Stay Safe Play From Home 206"]
[Site "T#646635Emanuel Laske"]
[Date "2020.06.07"]
[Round "6"]
[White "Epicure62"]
[Black "EL sanbary"]
[Result "0-1"]
[WhiteElo "1443"]
[BlackElo "1901"]
[Annotator "NA RC"]
[PlyCount "54"]
[EventDate "2020.06.07"]
[EventType "swiss (blitz)"]

1. d4 {[%emt 0:00:02]} d5 {[%emt 0:00:01]} 2. Nf3 {[%emt 0:00:01]} e6 {[%emt 0:00:01]} 3. Bg5 {[%emt 0:00:02]} Nf6 {[%emt 0:00:01]} 4. Bh4 {[%emt 0:00:02]} Nbd7 {[%emt 0:00:02]} 5. e3 {[%emt 0:00:02]} Be7 {[%emt 0:00:01]} 6. Bd3 {[%emt 0:00:01]} O-O {[%emt 0:00:01]} 7. Nbd2 {[%emt 0:00:02]} b6 {[%emt 0:00:01]} 8. c3 {[%emt 0:00:02]} Bb7 {[%emt 0:00:01]} 9. O-O {[%emt 0:00:01]} Re8 {[%emt 0:00:01]} 10. Bxf6 {[%emt 0:00:03]} Nxf6 {[%emt 0:00:01]} 11. Ne5 {[%emt 0:00:02]} c5 {[%emt 0:00:01]} 12. a3 {[%emt 0:00:04]} cxd4 {[%emt 0:00:01]} 13. cxd4 {[%emt 0:00:02]} Ne4 {[%emt 0:00:02]} 14. Bxe4 {[%emt 0:00:02]} dxe4 {[%emt 0:00:00]} 15. Nxe4 {[%emt 0:00:01]} Bxe4 {[%emt 0:00:02]} 16. f3 {[%emt 0:00:02]} Bb7 {[%emt 0:00:01]} 17. d5 {[%emt 0:00:03]} exd5 {[%emt 0:00:01]} 18. Ng4 {[%emt 0:00:04]} Bc5 {[%emt 0:00:02]} 19. Kh1 {[%emt 0:00:03]} Bxe3 {[%emt 0:00:02]} 20. Nxe3 {[%emt 0:00:02]} Rxe3 {[%emt 0:00:00]} 21. f4 {[%emt 0:00:01]} d4 {[%emt 0:00:01]} 22. f5 {[%emt 0:00:01]} Qd7 {[%emt 0:00:01]} 23. Qd2 {[%emt 0:00:02]} Rae8 {[%emt 0:00:02]} 24. Rae1 {[%emt 0:00:03]} Qd6 {[%emt 0:00:04]} 25. Rxe3 {[%emt 0:00:02]} Rxe3 {[%emt 0:00:00]} 26. Re1 {[%emt 0:00:03]} Rxe1+ {[%emt 0:00:02]} 27. Qxe1 {[%emt 0:00:02]} h6 {[%emt 0:00:01] Temps (Lag: Av=0.40s, max=0.9s)} 0-1